Biopesticides : (Record no. 603)
[ view plain ]
| 000 -LEADER | |
|---|---|
| fixed length control field | 00937nam a22002417a 4500 |
| 001 - CONTROL NUMBER | |
| control field | BD-DhSAU 603 |
| 003 - CONTROL NUMBER IDENTIFIER | |
| control field | BD-DhSAU |
| 005 - DATE AND TIME OF LATEST TRANSACTION | |
| control field | 20150105193035.0 |
| 008 - FIXED-LENGTH DATA ELEMENTS--GENERAL INFORMATION | |
| fixed length control field | 150105b2006 ii a|||| |||| 001 0deng d |
| 020 ## - INTERNATIONAL STANDARD BOOK NUMBER | |
| International Standard Book Number | 8122417817 |
| 040 ## - CATALOGING SOURCE | |
| Transcribing agency | BD-DhSAU |
| 082 ## - DEWEY DECIMAL CLASSIFICATION NUMBER | |
| Edition number | 22 |
| Classification number | 632.95 |
| Item number | JOB |
| 100 ## - MAIN ENTRY--PERSONAL NAME | |
| Personal name | Joshi, S. R. |
| 245 ## - TITLE STATEMENT | |
| Title | Biopesticides : |
| Remainder of title | a biotechnological approach / |
| Statement of responsibility, etc. | S. R. Joshi |
| 260 ## - PUBLICATION, DISTRIBUTION, ETC. (IMPRINT) | |
| Place of publication, distribution, etc. | New Delhi : |
| Name of publisher, distributor, etc. | New Age International (P) Limited, Publishers ; |
| Date of publication, distribution, etc. | c2006. |
| 300 ## - PHYSICAL DESCRIPTION | |
| Extent | xiv, 103 p. : |
| Other physical details | ill. ; |
| Dimensions | 24 cm. |
| 504 ## - BIBLIOGRAPHY, ETC. NOTE | |
| Bibliography, etc | Includes bibliographical references & index. |
| 590 ## - Name of Cataloguer | |
| Name of Cataloger | Jerin |
| 650 ## - SUBJECT ADDED ENTRY--TOPICAL TERM | |
| Topical term or geographic name as entry element | Plant Pathology |
| 650 ## - SUBJECT ADDED ENTRY--TOPICAL TERM | |
| Topical term or geographic name as entry element | Biopesticides |
| 650 ## - SUBJECT ADDED ENTRY--TOPICAL TERM | |
| Topical term or geographic name as entry element | Biotechnology |
| 856 ## - ELECTRONIC LOCATION AND ACCESS | |
| Uniform Resource Identifier | <a href="https://books.google.com.bd/books?id=3AynSN6uMAoC&pg=PA12&dq=Biopesticides+:+a+biotechnological+approach&hl=en&sa=X&ei=D2uqVOufM8OCuwT4yIKIDA&ved=0CBsQ6AEwAA#v=onepage&q=Biopesticides%20%3A%20a%20biotechnological%20approach&f=false">https://books.google.com.bd/books?id=3AynSN6uMAoC&pg=PA12&dq=Biopesticides+:+a+biotechnological+approach&hl=en&sa=X&ei=D2uqVOufM8OCuwT4yIKIDA&ved=0CBsQ6AEwAA#v=onepage&q=Biopesticides%20%3A%20a%20biotechnological%20approach&f=false</a> |
| 942 ## - ADDED ENTRY ELEMENTS (KOHA) | |
| Source of classification or shelving scheme | Dewey Decimal Classification |
| Koha item type | Book |
| Withdrawn status | Lost status | Source of classification or shelving scheme | Damaged status | Not for loan | Home library | Branch Name | Shelving location | Date acquired | Total Checkouts | Full call number | Barcode | Date last seen | Price effective from | Koha item type | Collection code |
|---|---|---|---|---|---|---|---|---|---|---|---|---|---|---|---|
| Dewey Decimal Classification | SAU Library | SAU Library | General Stacks | 02/08/2009 | 632.95 JOB | 35058 | 05/01/2015 | 05/01/2015 | Book | ||||||
| Dewey Decimal Classification | SAU Library | SAU Library | General Stacks | 02/08/2009 | 632.95 JOB | 35057 | 05/01/2015 | 05/01/2015 | Book | ||||||
| Dewey Decimal Classification | Not For Loan | SAU Library | SAU Library | Reference | 02/08/2009 | 632.95 JOB | 35056 | 06/11/2018 | 14/05/2015 | Book | Reference |
